Los compañeros de la Antorcha / (Registro nro. 9273)

Detalles MARC
000 -LIDER
fixed length control field 00688nam a22002417a 4500
001 - NÚMERO DE CONTROL
Identificador de número de control 2400016
003 - IDENTIFICACDOR DE NÚMERO DE CONTROL
control field DO-SdBNP
005 - DATE AND TIME OF LATEST TRANSACTION
control field 20180119130559.0
007 - CAMPOS FIJOS DE DESCRIPCIÓN FÍSICA
fixed length control field 2400016
008 - ELEMENTOS DE LONGITUD FIJA
fixed length control field 160316b 1966 sp xxu||||| |||| 00| 0 spa d
040 ## - FUENTE DE CATALOGACIÓN
Agencia que crea de manera original el registro BPMSU
Idioma de catalogación spa
Agencia que realiza la transcripción BPMSU
100 1# - ASIENTO PRINCIPAL -- NOMBRE PERSONAL
Nombre personal Montépin, Xavier de,
Fechas asociadas con el nombre 1824-
245 10 - MENCIÓN DE TITULO
Título Los compañeros de la Antorcha /
Mención de responsabilidad Xavier de Montepin.
260 ## - PUBLICACIÓN, DISTRIBUCIÓN, ETC. (PIE DE IMPRENTA)
Lugar de publicación, distribución, etc Barcelona :
Nombre del editor, distribuidor, etc. Ramón Sopena,
Fecha de publicación, distribución, etc 1966.
300 ## - DESCRIPCIÓN FÍSICA
Extensión 704 p. ;
Dimensiones 18 cm.
490 1# - MENCIÓN DE SERIES
Mención de serie Biblioteca Sopena
Volume/sequential designation 11, 1
500 ## - NOTA GENERAL
Nota general Incluye datos biográficos del autor
830 #0 - ASIENTO SECUNDARIO DE SERIE--TÍTULO UNIFORME
Nombre de la parte o sección de una obra Biblioteca Sopena ;
Número de la parte o sección de una obra 11, 1
910 ## - VALIDACIÓN
Validación 00260
942 ## - ADDED ENTRY ELEMENTS (KOHA)
Source of classification or shelving scheme Dewey Decimal Classification
Koha item type Libros
945 ## - INFORMACIÓN DE PROCESAMIENTO LOCAL
Información de procesamiento local Inventariado, 2017/MFF
956 ## - LOCAL ELECTRONIC LOCATION AND ACCESS (OCLC)
Método de acceso LOPEREZ
Materiales especificados 10
Existencias
Withdrawn status Lost status Source of classification or shelving scheme Damaged status Not for loan Collection code Home library Current library Date acquired Source of acquisition Total Checkouts Barcode Date last seen Price effective from Koha item type
    Dewey Decimal Classification     Colección General Biblioteca Pública Metropolitana Salomé Ureña Biblioteca Pública Metropolitana Salomé Ureña 03/17/2016 FUNDI   BPMSU16030165 03/17/2016 03/17/2016 Libros